| 000 | 01098nam0a2200265 4500 | ||
|---|---|---|---|
| 001 | RU\NLR\bibl\500188 | ||
| 005 | 20250623201543.0 | ||
| 010 | _a5-85554-147-9 | ||
| 035 | _a(NLR Aleph) 000492793 | ||
| 090 |
_a1124329 _c1124329 |
||
| 100 | _a20040315d1997 |||y0rusy50 ca | ||
| 101 | 1 |
_arus _ceng |
|
| 102 | _aRU | ||
| 105 | _aa ||||||||| | ||
| 200 | 1 |
_aAdobe Illustrator _e[Версия 6.0 _eДля Macintosh] _eПракт. курс _e[Офиц. рекомендован. сб. упражнений по программе сертификации фирмы Adobe, разраб. специалистами Adobe systems incorporated _fПер. с англ. Скопин Д.В.] |
|
| 210 |
_aМ. _cКУбК-а _d1997 |
||
| 215 |
_aIV,260 c. _cил. _d27 _e[1] элетрон. опт. диск (CD-ROM) |
||
| 320 | _aУказ.: с. 259-260 | ||
| 606 | 0 |
_aADOBE ILLUSTRATOR 6.0, графический редактор _92335530 _3RU\NLR\auth\661396360 |
|
| 686 | _aЗ973.23-018.3 | ||
| 801 | 0 |
_aRU _bNLR _c20040315 _gPSBO |
|
| 801 | 1 |
_aRU _bNLR _c20040315 |
|
| 942 | _cBOOK | ||
| 980 | _aNB | ||